[Event "GBR-ch83"]
[Site "Nottingham"]
[Date "1996.08.08"]
[Round "4.29"]
[White "Savage, Ben D"]
[Black "Moskovic, David M"]
[Result "1/2-1/2"]
[WhiteElo "2200"]
[BlackElo "2185"]
[PlyCount "52"]
[EventDate "1996.08.05"]
[EventType "swiss"]
[EventRounds "11"]
[EventCountry "GBR"]

1. e4 c5 2. Nf3 e6 3. d4 cxd4 4. Nxd4 Qb6 5. Nb3 Qc7 6. Bd3 Nf6 7. O-O d5 8.
Nc3 dxe4 9. Nxe4 Nbd7 10. Bg5 Nxe4 11. Bxe4 Bd6 12. Qh5 g6 13. Qh6 f5 14. Nd4
fxe4 15. Qg7 Rf8 16. Nxe6 Qb8 17. Nxf8 Nxf8 18. Rad1 Bf5 19. Rd5 Bxh2+ 20. Kh1
Qc7 21. Qh6 Be5 22. Rfd1 Qg7 23. Qh4 Kf7 24. Bh6 Qf6 25. Bg5 Qg7 26. Bh6 Qf6
1/2-1/2

[Event "GBR-ch83"]
[Site "Nottingham"]
[Date "1996.08.09"]
[Round "5.1"]
[White "Ward, Christopher G"]
[Black "Emms, John M"]
[Result "1/2-1/2"]
[WhiteElo "2460"]
[BlackElo "2500"]
[PlyCount "40"]
[EventDate "1996.08.05"]
[EventType "swiss"]
[EventRounds "11"]
[EventCountry "GBR"]

1. Nf3 d5 2. d4 c6 3. c4 e6 4. Qc2 dxc4 5. Qxc4 Nf6 6. g3 b5 7. Qc2 Bb7 8. Bg2
Nbd7 9. O-O c5 10. a4 b4 11. Nbd2 Rc8 12. Qd3 Be7 13. b3 O-O 14. Bb2 cxd4 15.
Qxd4 Rc2 16. Nc4 Nc5 17. Ne1 Bxg2 18. Nxc2 Qa8 19. Na5 Bh3 20. f3 Bxf1 1/2-1/2

[Event "GBR-ch83"]
[Site "Nottingham"]
[Date "1996.08.09"]
[Round "5.2"]
[White "Summerscale, Aaron"]
[Black "Ansell, Simon T"]
[Result "1-0"]
[WhiteElo "2500"]
[BlackElo "2420"]
[PlyCount "77"]
[EventDate "1996.08.05"]
[EventType "swiss"]
[EventRounds "11"]
[EventCountry "GBR"]
[SourceTitle "Mega Database 2004"]

1. d4 Nf6 2. c4 c5 3. d5 b5 4. Bg5 Qa5+ 5. Nd2 bxc4 6. Bxf6 exf6 7. Qc2 d6 8.
e3 Be7 9. Bxc4 O-O 10. Ne2 Nd7 11. Nc3 Ba6 12. O-O Bxc4 13. Nxc4 Qa6 14. b3 Ne5
15. Rfc1 Nxc4 16. Qd3 f5 17. Na4 Bf6 18. Rab1 Rab8 19. Rxc4 g6 20. Rbc1 Rb4 21.
Kf1 Rxc4 22. Qxc4 Qa5 23. Qd3 Re8 24. Nc3 Bxc3 25. Qxc3 Qa6+ 26. Kg1 Qxa2 27.
Ra1 Qe2 28. Qf6 f4 29. Qxf4 Re5 30. Qc4 Qd2 31. e4 Qf4 32. f3 Rh5 33. h3 Qg3
34. Rxa7 Rxh3 35. Qc3 f6 36. Qa5 Qh2+ 37. Kf2 Qg3+ 38. Ke3 Qg5+ 39. Kd3 1-0

[Event "GBR-ch83"]
[Site "Nottingham"]
[Date "1996.08.09"]
[Round "5.3"]
[White "Knott, Simon JB"]
[Black "Sadler, Matthew D"]
[Result "1/2-1/2"]
[WhiteElo "2335"]
[BlackElo "2615"]
[PlyCount "60"]
[EventDate "1996.08.05"]
[EventType "swiss"]
[EventRounds "11"]
[EventCountry "GBR"]

1. c4 e5 2. Nc3 Nc6 3. Nf3 Nf6 4. e4 Bb4 5. d3 d6 6. g3 O-O 7. Bg2 Ne7 8. O-O
Ng6 9. Ne1 Ne8 10. Nc2 Bc5 11. b4 Bb6 12. Nd5 Bd7 13. Nxb6 axb6 14. Bb2 Ra4 15.
a3 b5 16. c5 dxc5 17. bxc5 Qe7 18. Bc3 c6 19. d4 exd4 20. Nxd4 Rc4 21. Bb4 Be6
22. Rc1 Ne5 23. f4 Rxc1 24. Qxc1 Nd3 25. Qc3 Nxb4 26. axb4 Nf6 27. Rd1 Bg4 28.
Re1 Qd7 29. f5 Rd8 30. Nc2 Qd2 1/2-1/2

[Event "GBR-ch83"]
[Site "Nottingham"]
[Date "1996.08.09"]
[Round "5.4"]
[White "Buckley, Graeme"]
[Black "Parker, Jonathan F"]
[Result "0-1"]
[WhiteElo "2370"]
[BlackElo "2470"]
[PlyCount "66"]
[EventDate "1996.08.05"]
[EventType "swiss"]
[EventRounds "11"]
[EventCountry "GBR"]
[SourceTitle "Mega Database 2004"]

1. d4 d5 2. c4 e6 3. Nc3 Nf6 4. Bg5 Be7 5. Nf3 O-O 6. e3 h6 7. Bh4 b6 8. Rb1
Ne4 9. Bxe7 Qxe7 10. cxd5 Nxc3 11. bxc3 exd5 12. c4 Be6 13. Qb3 Nc6 14. cxd5
Na5 15. Qb5 a6 16. Qb4 Qxb4+ 17. Rxb4 Bxd5 18. Rb2 Rfc8 19. Kd2 b5 20. Ne5 Rd8
21. Kc3 Nb7 22. a4 c5 23. axb5 axb5 24. dxc5 Nxc5 25. Kb4 Na6+ 26. Ka5 Nc7+ 27.
Kb4 Ra1 28. f3 Rc1 29. Nd3 Na6+ 30. Ka5 Ra1+ 31. Kb6 Rb8+ 32. Ka7 Rb7+ 33. Ka8
Nc7# 0-1

[Event "GBR-ch83"]
[Site "Nottingham"]
[Date "1996.08.09"]
[Round "5.5"]
[White "Wilson, Jonathan G"]
[Black "Martin, Andrew D"]
[Result "0-1"]
[WhiteElo "2285"]
[BlackElo "2425"]
[PlyCount "75"]
[EventDate "1996.08.05"]
[EventType "swiss"]
[EventRounds "11"]
[EventCountry "GBR"]

1. d4 d5 2. c4 e6 3. Nc3 b6 4. cxd5 exd5 5. Bf4 Bb7 6. Nf3 Bd6 7. Bxd6 Qxd6 8.
e3 Nf6 9. Bd3 a6 10. O-O Nbd7 11. Qc2 O-O 12. a3 Rfe8 13. b4 Ne4 14. Bxe4 dxe4
15. Nd2 Nf6 16. Rfc1 Re7 17. b5 axb5 18. Nxb5 Qd8 19. a4 Nd5 20. Qb3 Re6 21.
Nc4 Bc6 22. Ne5 Be8 23. Nc3 Ra5 24. Nxe4 f6 25. Nc4 Rxe4 26. Nxa5 bxa5 27. Rxc7
Kh8 28. Rc5 Nb4 29. Rac1 Bd7 30. f3 Re8 31. e4 h6 32. Rc7 f5 33. Qf7 Re7 34.
Qg6 fxe4 35. fxe4 Be8 36. Qb6 Rxc7 37. Rxc7 Qg5 38. Rc8 0-1

[Event "GBR-ch83"]
[Site "Nottingham"]
[Date "1996.08.09"]
[Round "5.6"]
[White "Ledger, Andrew J"]
[Black "Cobb, Charles A"]
[Result "0-1"]
[WhiteElo "2415"]
[BlackElo "2260"]
[PlyCount "70"]
[EventDate "1996.08.05"]
[EventType "swiss"]
[EventRounds "11"]
[EventCountry "GBR"]
[SourceTitle "Mega Database 2004"]

1. c4 c6 2. e4 d5 3. cxd5 cxd5 4. exd5 Qxd5 5. Nc3 Qd6 6. d4 Nf6 7. Nf3 e6 8.
Bd3 Nc6 9. O-O Be7 10. a3 O-O 11. Be3 b6 12. Rc1 Bb7 13. Bb1 Rad8 14. Qc2 g6
15. Ne4 Nxe4 16. Qxe4 Na5 17. Qg4 Nb3 18. Rcd1 f5 19. Qh3 f4 20. Bd2 Bxf3 21.
Bb4 Qd5 22. Bxe7 Bxd1 23. Bxf8 Rxf8 24. Rxd1 Nxd4 25. Qg4 Rf6 26. Re1 f3 27.
Be4 Qe5 28. Re3 h5 29. Qh4 Ne2+ 30. Kf1 Qxb2 31. Bxf3 Nf4 32. h3 Kg7 33. g3
Qc1+ 34. Re1 Qc3 35. Bd1 Qxe1+ 0-1

[Event "GBR-ch83"]
[Site "Nottingham"]
[Date "1996.08.09"]
[Round "5.7"]
[White "Duncan, Christopher R"]
[Black "McShane, Luke J"]
[Result "0-1"]
[WhiteElo "2340"]
[BlackElo "2385"]
[PlyCount "80"]
[EventDate "1996.08.05"]
[EventType "swiss"]
[EventRounds "11"]
[EventCountry "GBR"]
[SourceTitle "StarBase 2.74"]

1. e4 c5 2. Nf3 d6 3. d4 cxd4 4. Qxd4 Nc6 5. Bb5 Bd7 6. Bxc6 Bxc6 7. c4 Nf6 8.
Nc3 g6 9. O-O Bg7 10. Qd3 O-O 11. Nd4 Rc8 12. Bg5 Qa5 13. Nd5 Bxd5 14. cxd5 Qb4
15. Rfd1 Qxb2 16. Rab1 Qc3 17. Qxc3 Rxc3 18. Rxb7 Nxe4 19. Be3 Ra3 20. Nc6 a5
21. Rxe7 Nc3 22. Rd2 Nxa2 23. h4 a4 24. Bf4 Nc3 25. Bxd6 Ra1+ 26. Kh2 Ra8 27.
Bb8 Bf6 28. d6 Kg7 29. d7 Rxb8 30. Nxb8 Bxe7 31. Nc6 Bxh4 32. Rd3 Rd1 33. Rxc3
Rxd7 34. Rc4 Bxf2 35. Rxa4 Rd3 36. g4 Be3 37. Kg2 Kf6 38. Kf3 Bc5+ 39. Kg2 Rd6
40. Rf4+ Kg5 0-1

[Event "GBR-ch83"]
[Site "Nottingham"]
[Date "1996.08.09"]
[Round "5.8"]
[White "Richardson, John R"]
[Black "Hebden, Mark L"]
[Result "0-1"]
[WhiteElo "2310"]
[BlackElo "2530"]
[PlyCount "72"]
[EventDate "1996.08.05"]
[EventType "swiss"]
[EventRounds "11"]
[EventCountry "GBR"]

1. d4 Nf6 2. c4 g6 3. Nf3 Bg7 4. g3 O-O 5. Bg2 d6 6. O-O Nc6 7. Nc3 Rb8 8. h3
a6 9. Be3 b5 10. Nd2 Bb7 11. d5 Ne5 12. cxb5 axb5 13. f4 Ned7 14. a3 e6 15. Ba7
Ra8 16. Nxb5 exd5 17. Bf2 Qb8 18. Qc2 c5 19. Rfe1 Ra6 20. Rab1 d4 21. Bxb7 Qxb7
22. a4 Nd5 23. Nc4 Nb4 24. Qb3 d5 25. Nd2 Rfa8 26. Ra1 Bf8 27. Qd1 d3 28. exd3
Nxd3 29. b3 Nxe1 30. Qxe1 Qxb5 31. axb5 Rxa1 32. Nb1 R8a2 33. Qc1 Bg7 34. Qe1
Rxb1 35. Qxb1 Ra1 36. Qxa1 Bxa1 0-1

[Event "GBR-ch83"]
[Site "Nottingham"]
[Date "1996.08.09"]
[Round "5.9"]
[White "Ferguson, Mark"]
[Black "Trifunovic, Aleksandar"]
[Result "1-0"]
[WhiteElo "2385"]
[BlackElo "2250"]
[PlyCount "63"]
[EventDate "1996.08.05"]
[EventType "swiss"]
[EventRounds "11"]
[EventCountry "GBR"]

1. d4 Nf6 2. Nf3 g6 3. b4 Bg7 4. Bb2 O-O 5. e3 d5 6. c4 c6 7. Be2 Bg4 8. Nbd2
a5 9. b5 dxc4 10. Bxc4 cxb5 11. Bxb5 a4 12. Bxa4 Bxf3 13. gxf3 Qa5 14. Bb3 Qg5
15. f4 Qh4 16. Qf3 Nc6 17. a4 Rfd8 18. O-O e6 19. Rfc1 Ra5 20. Bc3 Rf5 21. Bc2
Nxd4 22. Bxd4 Rxd4 23. Bxf5 Rxd2 24. Rc8+ Bf8 25. Rc2 Rd5 26. Qh3 Qxh3 27. Bxh3
b6 28. Rb1 Bc5 29. Bg2 Rf5 30. Rb5 Nd7 31. Bc6 Nb8 32. Be4 1-0

[Event "GBR-ch83"]
[Site "Nottingham"]
[Date "1996.08.09"]
[Round "5.10"]
[White "Mason, Donald"]
[Black "Lee, Graham D"]
[Result "0-1"]
[WhiteElo "2275"]
[BlackElo "2375"]
[PlyCount "36"]
[EventDate "1996.08.05"]
[EventType "swiss"]
[EventRounds "11"]
[EventCountry "GBR"]

1. e4 e6 2. d4 d5 3. e5 c5 4. c3 Nc6 5. Nf3 Qb6 6. a3 c4 7. Nbd2 Na5 8. g3 Bd7
9. Bh3 Be7 10. O-O h5 11. Ne1 g5 12. g4 hxg4 13. Bxg4 O-O-O 14. Ng2 f5 15. Be2
Nh6 16. Ne3 Rh7 17. f3 Nf7 18. Rf2 Rdh8 0-1

[Event "GBR-ch83"]
[Site "Nottingham"]
[Date "1996.08.09"]
[Round "5.11"]
[White "Williams, Simon Kim"]
[Black "Molyneux, John"]
[Result "1/2-1/2"]
[WhiteElo "2350"]
[BlackElo "2170"]
[PlyCount "69"]
[EventDate "1996.08.05"]
[EventType "swiss"]
[EventRounds "11"]
[EventCountry "GBR"]

1. c4 f5 2. Nc3 Nf6 3. g3 e6 4. Bg2 d5 5. cxd5 exd5 6. d4 c6 7. Bf4 Bd6 8. Bxd6
Qxd6 9. e3 O-O 10. Nge2 Be6 11. O-O Nbd7 12. Rb1 a5 13. Qc2 Rae8 14. Nf4 Ne4
15. Rbe1 g5 16. Nxe6 Rxe6 17. f3 Nxc3 18. bxc3 Qe7 19. e4 fxe4 20. Bh3 Ref6 21.
fxe4 Rxf1+ 22. Bxf1 c5 23. Bg2 cxd4 24. cxd4 Qb4 25. Rd1 Qc4 26. Qxc4 dxc4 27.
e5 Rd8 28. Rc1 Nb6 29. d5 Kf7 30. Kf2 Nxd5 31. Rxc4 Ke6 32. Re4 h5 33. Bf1 Rc8
34. Bc4 Rc5 35. a4 1/2-1/2

[Event "GBR-ch83"]
[Site "Nottingham"]
[Date "1996.08.09"]
[Round "5.13"]
[White "Cobb, James E"]
[Black "Bates, Richard"]
[Result "1-0"]
[WhiteElo "2260"]
[BlackElo "2315"]
[PlyCount "79"]
[EventDate "1996.08.05"]
[EventType "swiss"]
[EventRounds "11"]
[EventCountry "GBR"]

1. e4 c5 2. c3 d5 3. exd5 Qxd5 4. d4 e6 5. Nf3 Nf6 6. Bd3 Nc6 7. O-O cxd4 8.
cxd4 Be7 9. Nc3 Qd6 10. a3 O-O 11. Be3 b6 12. Qe2 Bb7 13. Rad1 Rac8 14. Rfe1
Rfd8 15. Bg5 Qb8 16. Bb1 g6 17. h3 Nd5 18. Ne4 Nf4 19. Qe3 Bxg5 20. Nexg5 Nd5
21. Qd3 Qf4 22. Re4 Qf6 23. h4 Rc7 24. Qd2 Na5 25. Ba2 Rdc8 26. Ne5 Rc2 27. Qe1
R8c7 28. Nexf7 $2 (28. Ng4 $18) 28... Rxf7 29. Nxf7 Kxf7 30. Rd3 Nf4 31. Rf3
Bxe4 32. Qxe4 Rc1+ 33. Kh2 Qxh4+ 34. Rh3 Qxf2 $2 (34... Qf6 $19) 35. Bxe6+ $18
Nxe6 36. Rf3+ Qxf3 37. Qxf3+ Kg7 38. Qe3 Rc2 39. Qxe6 Rxb2 40. Qe7+ 1-0

[Event "GBR-ch83"]
[Site "Nottingham"]
[Date "1996.08.09"]
[Round "5.14"]
[White "Turner, Matthew J"]
[Black "Jackson, Oliver A"]
[Result "1-0"]
[WhiteElo "2425"]
[BlackElo "2240"]
[PlyCount "67"]
[EventDate "1996.08.05"]
[EventType "swiss"]
[EventRounds "11"]
[EventCountry "GBR"]

1. c4 e5 2. Nc3 Nc6 3. g3 g6 4. Bg2 Bg7 5. e3 d6 6. Nge2 h5 7. d4 h4 8. d5 Nce7
9. e4 Nf6 10. h3 c6 11. Be3 a6 12. g4 Nh7 13. c5 cxd5 14. exd5 f5 15. Qa4+ Kf7
16. Rd1 Nf6 17. f4 e4 18. g5 Ne8 19. Nd4 Kg8 20. Bf1 Kh7 21. Qa3 dxc5 22. Qxc5
Qd6 23. Qxd6 Nxd6 24. Ne6 Bxe6 25. dxe6 Nb5 26. Bxb5 axb5 27. Rd7 b4 28. Rxe7
bxc3 29. Bd4 Rhg8 30. Bxc3 Rxa2 31. Ke2 Kh8 32. Rxg7 Rxg7 33. e7 Ra8 34. Rd1
1-0

[Event "GBR-ch83"]
[Site "Nottingham"]
[Date "1996.08.09"]
[Round "5.15"]
[White "Pert, Richard G"]
[Black "Dunworth, Christopher"]
[Result "1/2-1/2"]
[WhiteElo "2165"]
[BlackElo "2335"]
[PlyCount "31"]
[EventDate "1996.08.05"]
[EventType "swiss"]
[EventRounds "11"]
[EventCountry "GBR"]

1. e4 d5 2. exd5 Nf6 3. Bb5+ Nbd7 4. Nf3 Nxd5 5. d4 c6 6. Be2 g6 7. O-O Bg7 8.
Re1 O-O 9. Rf1 Re8 10. c3 h6 11. Na3 a5 12. Nc4 a4 13. Qc2 Qc7 14. Bd3 Nf8 15.
h3 Be6 16. Nce5 1/2-1/2

[Event "GBR-ch83"]
[Site "Nottingham"]
[Date "1996.08.09"]
[Round "5.17"]
[White "Wall, Timothy P"]
[Black "Bisby, Daniel L"]
[Result "1-0"]
[WhiteElo "2320"]
[BlackElo "2205"]
[PlyCount "99"]
[EventDate "1996.08.05"]
[EventType "swiss"]
[EventRounds "11"]
[EventCountry "GBR"]

1. d4 d5 2. Bg5 g6 3. e3 Bg7 4. Nd2 Nf6 5. Bd3 O-O 6. c3 b6 7. Qe2 Bb7 8. f4
Nbd7 9. Ngf3 Ne4 10. Bh4 c5 11. O-O Ndf6 12. Ne5 Nxd2 13. Qxd2 Ne4 14. Qe2 Qc7
15. Rad1 Rad8 16. Kh1 f6 17. Ng4 Kh8 18. Nf2 f5 19. Nxe4 fxe4 20. Bb5 c4 21. g4
a6 22. Ba4 b5 23. Bc2 Qd7 24. Rf2 Bf6 25. Bg3 a5 26. f5 g5 27. h4 h6 28. Rh2
Kg7 29. Kg2 Rh8 30. Rdh1 Rdg8 31. Kf1 Qe8 32. Qf2 b4 33. Be5 b3 34. axb3 cxb3
35. Bd1 a4 36. hxg5 hxg5 37. Rh5 Rxh5 38. Rxh5 Rh8 39. Rxg5+ Kf8 40. Kg2 Bxg5
41. Bxh8 Kf7 42. Be5 a3 43. bxa3 Qb5 44. f6 $1 b2 $2 (44... exf6 45. Bxf6 $1
Bxf6 46. g5 Qb6 47. Bxb3 $18) (44... Bc8 $1) 45. fxe7+ Kxe7 46. Qf5 b1=Q 47.
Qxg5+ Ke8 48. Bd6 $2 {[#]Here Daniel went into a long think, wrote down 48...
Kf7, which gets mated after 49 Qf5+, crossed it out and wrote 48...Qf1+, which
draws by perpetual. Desperately trying to keep a straight poker face I waited
for the inevitable axe to all, only to be stunned as Daniel scribbled out this
move (not believing the checks would lead anywhere) and played his
"improvement"! (Tim Wall, bulletin)} (48. Qg8+ $1 Ke7 49. Qg7+ Ke6 50. Qf6+ Kd7
51. Qf7+ Kd8 52. Qc7+ Ke8 53. Bd6 Qd7 54. Ba4 Qc2+ 55. Bxc2 Qxg4+ 56. Bg3 $18)
48... Q5b2+ $4 49. Kg3 Kd7 50. Ba4+ {Source: bulletin} 1-0

[Event "GBR-ch83"]
[Site "Nottingham"]
[Date "1996.08.09"]
[Round "5.21"]
[White "Littlewood, John Eric"]
[Black "Rudd, Jack"]
[Result "1/2-1/2"]
[WhiteElo "2275"]
[BlackElo "2190"]
[PlyCount "76"]
[EventDate "1996.08.05"]
[EventType "swiss"]
[EventRounds "11"]
[EventCountry "GBR"]

1. e4 c5 2. d3 Nc6 3. g3 g6 4. Bg2 Bg7 5. Nc3 e6 6. f4 Nge7 7. Nf3 O-O 8. O-O
Rb8 9. Be3 d6 10. Kh1 b5 11. e5 Nf5 12. Bf2 dxe5 13. fxe5 Ncd4 14. Ne4 Qc7 15.
c3 Nxf3 16. Bxf3 Bxe5 17. Nxc5 Bg7 18. d4 e5 19. dxe5 Bxe5 20. Nd3 Bd6 21. a4
Bd7 22. axb5 Bxb5 23. Bd5 a6 24. Rc1 Bc4 25. Bxc4 Qxc4 26. Qf3 Rfd8 27. Rcd1 h5
28. h3 Bc7 29. g4 hxg4 30. hxg4 Nh6 31. Bd4 Qd5 32. Kg2 Nxg4 33. Rh1 Ne5 34.
Qxd5 Rxd5 35. Nb4 Rdd8 36. Nxa6 Rxb2+ 37. Kh3 Rb3 38. Kg2 Rb2+ 1/2-1/2

[Event "GBR-ch83"]
[Site "Nottingham"]
[Date "1996.08.09"]
[Round "5.22"]
[White "Ledger, Stephen C"]
[Black "Rayner, Francis"]
[Result "1-0"]
[WhiteElo "2250"]
[BlackElo "2185"]
[PlyCount "101"]
[EventDate "1996.08.05"]
[EventType "swiss"]
[EventRounds "11"]
[EventCountry "GBR"]

1. d4 Nf6 2. Nf3 b6 3. Bf4 Bb7 4. e3 e6 5. Bd3 Be7 6. h3 Ne4 7. O-O O-O 8. c3
Bd6 9. Qc2 f5 10. Ne5 Be7 11. f3 Nf6 12. Bh2 Nd5 13. Qe2 Bg5 14. f4 Bf6 15. e4
Ne7 16. Nd2 g6 17. g4 Bg7 18. Bg3 c5 19. Bh4 cxd4 20. exf5 gxf5 21. cxd4 Qe8
22. Ndc4 Nbc6 23. Nd6 Qb8 24. Nb5 Nxe5 25. fxe5 Ng6 26. Bg3 f4 27. Bxg6 hxg6
28. Bxf4 Qd8 29. Nd6 Bd5 30. Qe3 b5 31. Bg5 Qb6 32. Be7 Rxf1+ 33. Rxf1 Rb8 34.
Qf4 Kh7 35. h4 Ba8 36. h5 gxh5 37. Rf2 Qc6 38. Rh2 Qf3 39. Rxh5+ Kg8 40. Qxf3
Bxf3 41. Kf2 Bd5 42. Bf6 Bxf6 43. exf6 Rf8 44. g5 Bxa2 45. Ke3 b4 46. Kf4 a5
47. Ke5 Bb1 48. Rh6 a4 49. g6 Ra8 50. f7+ Kg7 51. Ne8+ {Source: Tournament
bulletin. Contributed by Brian Denman, 5 August 2021} 1-0

[Event "GBR-ch83"]
[Site "Nottingham"]
[Date "1996.08.10"]
[Round "6.1"]
[White "Ward, Christopher G"]
[Black "Summerscale, Aaron"]
[Result "1-0"]
[WhiteElo "2460"]
[BlackElo "2500"]
[Annotator "Summerscale, Aaron"]
[PlyCount "35"]
[EventDate "1996.08.05"]
[EventType "swiss"]
[EventRounds "11"]
[EventCountry "GBR"]
[SourceTitle "Mega Database 2004"]

1. d4 d5 2. c4 c6 3. Nc3 dxc4 4. e4 b5 5. a4 b4 6. Nb1 $6 (6. Na2 Nf6 7. f3 e5
8. Bxc4 Qxd4 9. Qc2 {Lautier,J (2645)-Sokolov,I (2630) Groningen 1995, (0-1,
21)}) 6... Ba6 7. Nf3 Nf6 8. e5 Nd5 {White realises that standard plans allow
Black to consolidate so he tries to weaken the black kingside.} 9. Ng5 h6 10.
Qh5 hxg5 $1 11. Qxh8 Nf4 12. Be3 Qd5 13. f3 (13. h4) 13... Ne6 $6 (13... c5 $19
) 14. Nd2 Nxd4 15. O-O-O c3 (15... c5 $19) 16. Nc4 Bxc4 $4 ({Completely
missing White's idea. I felt like a complete idiot.} 16... c5 17. Bxd4 cxd4 18.
b3 Nd7 19. Bd3 Nc5 $19) 17. Rxd4 $18 Qxe5 $4 18. Qxf8+ $3 {Source: bulletin}
1-0

[Event "GBR-ch83"]
[Site "Nottingham"]
[Date "1996.08.10"]
[Round "6.2"]
[White "Emms, John M"]
[Black "McShane, Luke J"]
[Result "1/2-1/2"]
[WhiteElo "2500"]
[BlackElo "2385"]
[PlyCount "118"]
[EventDate "1996.08.05"]
[EventType "swiss"]
[EventRounds "11"]
[EventCountry "GBR"]

1. e4 c5 2. c3 d6 3. d4 Nf6 4. Bd3 Nc6 5. Nf3 e6 6. O-O cxd4 7. cxd4 Be7 8. Nc3
O-O 9. e5 dxe5 10. dxe5 Nd7 11. Qe2 Ndxe5 12. Nxe5 Nxe5 13. Bxh7+ Kxh7 14. Qxe5
f5 15. Bf4 Bf6 16. Qe2 Qd4 17. g3 Qb6 18. Rad1 Rd8 19. Be5 Bxe5 20. Rxd8 Qxd8
21. Qxe5 Bd7 22. Rd1 Qe8 23. Ne2 Rc8 24. Nd4 b6 25. Re1 Rc5 26. Qd6 Qf7 27.
Nxe6 Bxe6 28. Qxe6 Qxe6 29. Rxe6 Rc2 30. Re7 a5 31. b3 Rxa2 32. Rb7 Rb2 33.
Rxb6 a4 34. b4 a3 35. Kg2 a2 36. Ra6 Rxb4 37. Rxa2 Rb6 38. f4 Kg6 39. Kh3 Kh6
40. Rc2 g6 41. Kg2 Kg7 42. Re2 Ra6 43. h3 Kf7 44. g4 fxg4 45. hxg4 Rb6 46. Kg3
Ra6 47. Kh4 Kf6 48. Rb2 Ra7 49. Rb6+ Kg7 50. Re6 Kf7 51. Rc6 Kg7 52. Rb6 Rc7
53. Kg5 Rc5+ 54. f5 gxf5 55. gxf5 Rc7 56. Rg6+ Kh7 57. Rh6+ Kg8 58. Kf6 ({
Here Black could have been expected to play 58...Rc6+ and exchange rooks for
an even simpler draw, so I'm wondering whether the game actually ended} 58. f6
{or perhaps 58 Rf6, and now} Ra7 59. Rg6+ Kf8 {½-½}) 58... Ra7 59. Rg6+ Kf8
1/2-1/2

[Event "GBR-ch83"]
[Site "Nottingham"]
[Date "1996.08.10"]
[Round "6.3"]
[White "Parker, Jonathan F"]
[Black "Cobb, Charles A"]
[Result "1/2-1/2"]
[WhiteElo "2470"]
[BlackElo "2260"]
[PlyCount "33"]
[EventDate "1996.08.05"]
[EventType "swiss"]
[EventRounds "11"]
[EventCountry "GBR"]

1. d4 e6 2. c4 Nf6 3. g3 d5 4. Bg2 Be7 5. Nf3 O-O 6. O-O dxc4 7. Qc2 a6 8. Qxc4
b5 9. Qc2 Bb7 10. Bf4 Nc6 11. Rd1 Nb4 12. Qc1 Nbd5 13. Nc3 Nxf4 14. Qxf4 Qd6
15. Ne5 Bxg2 16. Kxg2 c5 17. dxc5 1/2-1/2

[Event "GBR-ch83"]
[Site "Nottingham"]
[Date "1996.08.10"]
[Round "6.4"]
[White "Martin, Andrew D"]
[Black "Ferguson, Mark"]
[Result "1/2-1/2"]
[WhiteElo "2425"]
[BlackElo "2385"]
[PlyCount "21"]
[EventDate "1996.08.05"]
[EventType "swiss"]
[EventRounds "11"]
[EventCountry "GBR"]

1. e4 e5 2. Nf3 Nc6 3. Bc4 Nf6 4. d4 exd4 5. O-O Nxe4 6. Re1 d5 7. Bxd5 Qxd5 8.
Nc3 Qh5 9. Nxe4 Be6 10. Bg5 Bd6 11. Nxd6+ 1/2-1/2

[Event "GBR-ch83"]
[Site "Nottingham"]
[Date "1996.08.10"]
[Round "6.5"]
[White "Sadler, Matthew D"]
[Black "Hebden, Mark L"]
[Result "1/2-1/2"]
[WhiteElo "2615"]
[BlackElo "2530"]
[PlyCount "121"]
[EventDate "1996.08.05"]
[EventType "swiss"]
[EventRounds "11"]
[EventCountry "GBR"]

1. d4 Nf6 2. c4 g6 3. Nc3 Bg7 4. e4 d6 5. f3 O-O 6. Bg5 a6 7. Nge2 Nbd7 8. Qd2
c5 9. Bh6 Bxh6 10. Qxh6 b5 11. h4 b4 12. Nd5 e6 13. Nxf6+ Qxf6 14. O-O-O a5 15.
h5 g5 16. Qxf6 Nxf6 17. Ng3 h6 18. Be2 a4 19. dxc5 dxc5 20. Rd6 Nd7 21. Rc6 Ra5
22. Rc7 Ne5 23. Nf1 Ba6 24. Ne3 a3 25. b3 Rc8 26. Rxc8+ Bxc8 27. Rd1 Kg7 28.
Nc2 Ra7 29. Rd8 Rc7 30. Re8 Bb7 31. Kd2 Nd7 32. Rd8 Nf6 33. g4 Rd7+ 34. Rxd7
Nxd7 35. Ke3 Kf6 36. Ne1 Ne5 37. f4 gxf4+ 38. Kxf4 Ba6 39. Bf1 Nc6 40. Nd3 e5+
41. Kg3 Bxc4 42. bxc4 b3 43. Nxc5 Nd4 44. Nxb3 Nxb3 45. Bd3 Nc1 46. Bb1 Ne2+
47. Kh4 Nd4 48. Kg3 Ne2+ 49. Kh4 Nf4 50. Kg3 Ne6 51. Kf3 Kg5 52. Kg3 Kf6 53.
Kf2 Ke7 54. Ke3 Kd6 55. Kd3 Kc5 56. Kc3 f6 57. Bd3 Ng5 58. Bc2 Nf7 59. Bb1 Nd6
60. Bd3 Nc8 61. Bc2 1/2-1/2

[Event "GBR-ch83"]
[Site "Nottingham"]
[Date "1996.08.10"]
[Round "6.6"]
[White "Lee, Graham D"]
[Black "Knott, Simon JB"]
[Result "1-0"]
[WhiteElo "2375"]
[BlackElo "2335"]
[PlyCount "61"]
[EventDate "1996.08.05"]
[EventType "swiss"]
[EventRounds "11"]
[EventCountry "GBR"]
[SourceTitle "Mega Database 2004"]

1. e4 e6 2. d4 d5 3. e5 c5 4. c3 Nc6 5. Nf3 Qb6 6. a3 c4 7. Qc2 Bd7 (7... Na5
8. Bf4 Nb3 9. Ra2 Ne7 {Lee,G (2329)-Apicella,M (2539), 4NCL 2004 (½-½, 59)})
8. Bf4 f5 (8... Na5 9. Nbd2 Ne7 10. h4 h6 11. h5 {Lee,G (2385)-Vaisser,A (2565)
, Biel 1991 (½-½, 55)}) (8... h6 9. h4 Na5 10. Nbd2 O-O-O 11. Be2 Ne7 12. h5
{Lee,G (2283)-Blackburn,J (2208), 4NCL 2005 (1-0, 39)}) (8... f6 9. Nbd2 g5 10.
Bg3 g4 11. Nh4 fxe5 12. dxe5 O-O-O {Hodgson,J (2590)-Shabalov,A (2585),
Winnipeg 1997 (1-0, 55)}) 9. Nbd2 Na5 10. h4 Ne7 11. h5 h6 12. Be2 O-O-O 13.
Nh4 Be8 14. g4 $5 g5 15. hxg6 Nxg6 16. Ng2 fxg4 17. Bxg4 h5 18. Rxh5 Rxh5 19.
Bxh5 Nxf4 20. Nxf4 Bh6 21. Bxe8 Bxf4 22. Ba4 Qa6 $2 (22... a6) 23. Qh7 $16 Nb3
$6 24. Bxb3 cxb3 25. Nxb3 Qb5 26. Nc5 $1 $18 Bd2+ $5 (26... Qxb2 27. Rb1 Qxc3+
28. Kf1 $18) (26... Bxe5 $5 27. Qf7 $1 Bd6 28. Qxe6+ Kc7 29. O-O-O Bxc5 30.
dxc5 Qxc5 31. Qe5+ $18) 27. Kxd2 Qxb2+ 28. Kd3 Qb5+ 29. Ke3 Qb2 30. Rb1 Qxc3+
31. Ke2 1-0

[Event "GBR-ch83"]
[Site "Nottingham"]
[Date "1996.08.10"]
[Round "6.7"]
[White "Turner, Matthew J"]
[Black "Wilson, Jonathan G"]
[Result "1/2-1/2"]
[WhiteElo "2425"]
[BlackElo "2285"]
[PlyCount "113"]
[EventDate "1996.08.05"]
[EventType "swiss"]
[EventRounds "11"]
[EventCountry "GBR"]

1. e4 c5 2. Nf3 e6 3. d3 Nc6 4. g3 Nge7 5. Bg2 g6 6. O-O Bg7 7. Nbd2 O-O 8. c3
d5 9. Re1 Qc7 10. Qe2 h6 11. Nf1 b6 12. h4 Bd7 13. e5 f5 14. exf6 Rxf6 15. N3h2
Kh7 16. h5 g5 17. Ne3 Raf8 18. Nhg4 R6f7 19. Bd2 Ne5 20. Nxe5 Qxe5 21. Rf1 Nf5
22. Rae1 Nxe3 23. Bxe3 Qf5 24. g4 Qe5 25. d4 Qd6 26. c4 cxd4 27. Bxd4 Bxd4 28.
Qd3+ Kg8 29. Qxd4 Rf4 30. Qd3 R8f6 31. cxd5 Rxg4 32. Re4 exd5 33. Rxg4 Bxg4 34.
Bxd5+ Kg7 35. Rc1 Bf3 36. Be4 Qxd3 37. Bxd3 Bxh5 38. Rc8 Bf3 39. Bc4 Rf4 40.
Rc7+ Kf6 41. Kf1 Ke5 42. Be2 Bxe2+ 43. Kxe2 a5 44. Re7+ Kf6 45. Rb7 Re4+ 46.
Kf3 Re6 47. Kg3 Kf5 48. b3 h5 49. Rb8 h4+ 50. Kh3 Rf6 51. a3 g4+ 52. Kh2 Kf4
53. Rc8 h3 54. Kg1 Rf5 55. b4 axb4 56. Rc4+ Kg5 57. Rxb4 1/2-1/2